000 00395nam a22001577a 4500
003 MPLRDC
005 20220104144502.0
008 210129b ||||| |||| 00| 0 eng d
082 _a784.18 DIA-5 c.2
100 _a新生活报编辑部
245 _a戴安娜半生缘
_c
260 _a
_bLIFE PUBLISHER BHD
_c
300 _b
650 _a英国名人传记
942 _cBK
_o784.18 DIA-5 c.2
999 _c50066
_d50056